Математическое моделирование процесса риформинга бензиновых фракций на основе термодинамически содержательных кинетических моделей; Химия и химическая технология в XXI веке; Т. 2

Bibliografiske detaljer
Parent link:Химия и химическая технология в XXI веке: материалы XV Международной научно-практической конференции студентов и молодых ученых имени профессора Л.П. Кулёва, Томск, 26-29 мая 2014 г..— , 2014
Т. 2.— 2014.— [С. 3-8]
Hovedforfatter: Загоруйко А. Н. Андрей Николаевич
Summary:Заглавие с титульного экрана
Sprog:russisk
Udgivet: 2014
Serier:Технология и моделирование процессов подготовки и переработки природных энергоносителей
Fag:
Online adgang:http://www.lib.tpu.ru/fulltext/c/2014/C27/V2/001.pdf
Format: Electronisk Book Chapter
KOHA link:https://koha.lib.tpu.ru/cgi-bin/koha/opac-detail.pl?biblionumber=607132

MARC

LEADER 00000naa2a2200000 4500
001 607132
005 20260313165040.0
035 |a (RuTPU)RU\TPU\conf\4513 
035 |a RU\TPU\conf\4482 
090 |a 607132 
100 |a 20140702d2014 k y0rusy50 ca 
101 0 |a rus 
102 |a RU 
135 |a drnn ---uucaa 
181 0 |a i  
182 0 |a b 
200 1 |a Математическое моделирование процесса риформинга бензиновых фракций на основе термодинамически содержательных кинетических моделей  |f А. Н. Загоруйко 
203 |a Текст  |c электронный 
225 1 |a Технология и моделирование процессов подготовки и переработки природных энергоносителей 
300 |a Заглавие с титульного экрана 
320 |a [Библиогр.: с. 8 (12 назв.)] 
337 |a Adobe Reader 
461 1 |0 (RuTPU)RU\TPU\conf\4064  |t Химия и химическая технология в XXI веке  |o материалы XV Международной научно-практической конференции студентов и молодых ученых имени профессора Л.П. Кулёва, Томск, 26-29 мая 2014 г.  |o в 2 т.  |d 2014 
463 1 |0 (RuTPU)RU\TPU\conf\4139  |t Т. 2  |v [С. 3-8]  |d 2014 
610 1 |a труды учёных ТПУ 
610 1 |a электронный ресурс 
610 1 |a математическое моделирование 
610 1 |a риформинг 
610 1 |a бензиновые фракции 
610 1 |a термодинамические модели 
610 1 |a кинетические модели 
700 1 |a Загоруйко  |b А. Н.  |c химик-технолог  |c профессор Томского политехнического университета, доктор технических наук  |f 1962-  |g Андрей Николаевич  |3 (RuTPU)RU\TPU\pers\32445 
801 2 |a RU  |b 63413507  |c 20170602  |g RCR 
856 4 |u http://www.lib.tpu.ru/fulltext/c/2014/C27/V2/001.pdf 
942 |c CF